| 000 | 01314nam a22003497a 4500 | ||
|---|---|---|---|
| 003 | EG-GICUC | ||
| 005 | 20260504231801.0 | ||
| 008 | 260504s2024 ua ||||fr|||| 00| 0 ara d | ||
| 017 | _a2024/20839 | ||
| 020 | _a9789778071849 | ||
| 040 |
_a EG-GICUC _bara _c EG-GICUC _d EG-GICUC _erda |
||
| 041 | _aara | ||
| 082 | 0 | 4 |
_221 _a345.7 _bر ف . م |
| 092 | 0 | 4 | _221 |
| 099 | _aLaw1 07 345.7 ر ف . م 1 ed - 2024 | ||
| 100 | 0 |
_aرفعت عيد _eAuthor. |
|
| 245 | 1 | 0 |
_aموجز العقود الإدارية : _bفى ضوء القانون رقم 182 لسنة 2018 ولائحته التنفيذية / _cرفعت عيد |
| 250 | _aالطبعة الأولى | ||
| 264 |
_a[مكان النشر غير محدد] : _b[الناشر غير محدد] , _c2024. |
||
| 300 |
_a361صفحة; _c24 سم _bإيضاحيات، صور، مثيليات ؛ |
||
| 336 |
_2rda content _atext |
||
| 337 |
_2rda media _aComputer |
||
| 338 |
_2rda carrier _aOnline Resource |
||
| 504 | _a. 240-220 ببليوجرافيا: صفحات. | ||
| 546 | _aالنص باللغة العربية | ||
| 650 | 1 |
_aالقانون الإدارى _2qrmak |
|
| 650 | 1 |
_aالعقود الإدارية _2qrmak |
|
| 651 | 1 | _2qrmak | |
| 856 | 4 | 0 | _uhttps://fll.law.cu.edu.eg/fulltext/bks/B07-04616.pdf |
| 905 | _a44 | ||
| 942 |
_2ddc _cBK _e21 _n0 |
||
| 999 |
_c75567 _d75567 |
||